Извлечение вольфрама и молибдена из урансодержащих растворов системы регенерации отходов сублиматного производства; Известия Томского политехнического университета [Известия ТПУ]; Т. 318, № 3 : Химия
| Parent link: | Известия Томского политехнического университета [Известия ТПУ]/ Томский политехнический университет (ТПУ).— , 2000- Т. 318, № 3 : Химия.— 2011.— [С. 37-40] |
|---|---|
| Awduron Eraill: | , , , |
| Crynodeb: | Заглавие с титульного листа Электронная версия печатной публикации Показано, что на качество гексафторида урана существенное влияние оказывает состав оборотного U3O8, получаемого в системе регенерации урана из отходов сублиматного производства. Изучен процесс сорбционной очистки от примесей вольфрама и молибдена сульфатно-фторидных растворов урана с использованием неорганического сорбента "Термоксид-5". Показано, что добавка соли алюминия в раствор не влияет на очистку раствора, но предотвращает растворение основы сорбента. Получены данные для усовершенствования схемы регенерации урана из жидких отходов сублиматного производства. |
| Iaith: | Rwseg |
| Cyhoeddwyd: |
2011
|
| Cyfres: | Химия |
| Pynciau: | |
| Mynediad Ar-lein: | http://www.lib.tpu.ru/fulltext/v/Bulletin_TPU/2011/v318/i3/07.pdf |
| Fformat: | MixedMaterials Electronig Pennod Llyfr |
| KOHA link: | https://koha.lib.tpu.ru/cgi-bin/koha/opac-detail.pl?biblionumber=198731 |
MARC
| LEADER | 00000nla2a2200000 4500 | ||
|---|---|---|---|
| 001 | 198731 | ||
| 005 | 20231031184055.0 | ||
| 035 | |a (RuTPU)RU\TPU\book\216743 | ||
| 035 | |a RU\TPU\book\216739 | ||
| 090 | |a 198731 | ||
| 100 | |a 20110707d2011 k y0rusy50 ca | ||
| 101 | 0 | |a rus | |
| 102 | |a RU | ||
| 135 | |a drnn ---uucaa | ||
| 181 | 0 | |a i | |
| 182 | 0 | |a b | |
| 200 | 1 | |a Извлечение вольфрама и молибдена из урансодержащих растворов системы регенерации отходов сублиматного производства |b Электронный ресурс |f О. Б. Громов [и др.] | |
| 203 | |a Текст |c электронный | ||
| 215 | |a 1 файл (209 Кб) | ||
| 225 | 1 | |a Химия | |
| 230 | |a Электронные текстовые данные (1 файл : 209 Кб) | ||
| 300 | |a Заглавие с титульного листа | ||
| 300 | |a Электронная версия печатной публикации | ||
| 320 | |a [Библиогр.: с. 40 (6 назв.)] | ||
| 330 | |a Показано, что на качество гексафторида урана существенное влияние оказывает состав оборотного U3O8, получаемого в системе регенерации урана из отходов сублиматного производства. Изучен процесс сорбционной очистки от примесей вольфрама и молибдена сульфатно-фторидных растворов урана с использованием неорганического сорбента "Термоксид-5". Показано, что добавка соли алюминия в раствор не влияет на очистку раствора, но предотвращает растворение основы сорбента. Получены данные для усовершенствования схемы регенерации урана из жидких отходов сублиматного производства. | ||
| 337 | |a Adobe Reader | ||
| 461 | 1 | |0 (RuTPU)RU\TPU\book\176237 |t Известия Томского политехнического университета [Известия ТПУ] |f Томский политехнический университет (ТПУ) |d 2000- | |
| 463 | 1 | |0 (RuTPU)RU\TPU\book\216295 |y 1684-8519 |t Т. 318, № 3 : Химия |v [С. 37-40] |d 2011 |p 164 с. | |
| 610 | 1 | |a сублиматное производство | |
| 610 | 1 | |a отходы | |
| 610 | 1 | |a уран | |
| 610 | 1 | |a регенерация | |
| 610 | 1 | |a сорбция | |
| 610 | 1 | |a очистка | |
| 610 | 1 | |a вольфрам | |
| 610 | 1 | |a молибден | |
| 610 | 1 | |a труды учёных ТПУ | |
| 610 | 1 | |a электронный ресурс | |
| 701 | 1 | |a Громов |b О. Б. | |
| 701 | 1 | |a Дьяченко |b А. Н. |c химик-технолог |c профессор Томского политехнического университета, доктор технических наук |f 1977- |g Александр Николаевич |2 stltpush |3 (RuTPU)RU\TPU\pers\27691 | |
| 701 | 1 | |a Петров |b Д. А. | |
| 701 | 1 | |a Середенко |b В. А. | |
| 801 | 1 | |a RU |b 63413507 |c 20090623 |g PSBO | |
| 801 | 2 | |a RU |b 63413507 |c 20211227 |g PSBO | |
| 856 | 4 | |u http://www.lib.tpu.ru/fulltext/v/Bulletin_TPU/2011/v318/i3/07.pdf | |
| 942 | |c CF | ||